000 00608nam a2200193Ia 4500
003 GCL
008 140319s9999 xx 000 0 ara d
040 _aGCL /
_cGCL
082 0 4 _a213
_bا د
100 1 _aاحمد احمد علوش
245 1 0 _aالدعوة الاسلامية: اصولها ووسائلها /
_cاحمد احمد علوش
300 _a493 ص
490 _aالهيئة العامة للاستعلامات
_v0
650 0 4 _aالاسلام
650 0 4 _aالاسلام - دعوة
650 0 4 _aانتشار الاسلام
650 0 4 _aالاسلام - مباحث
942 _2ddc
_cBK
999 _c49625
_d49625